[Event "DVM U10 2015"]
[Site "Magdeburg GER"]
[Date "2015.12.28"]
[Round "5"]
[White "Kogan, Gabriel"]
[Black "Morczynski, Joachim"]
[Result "1-0"]
[Termination "normal"]
[Board "5.2"]
[WhiteElo "1132"]
[BlackElo "1205"]
[WhiteTeam "SG Porz"]
[BlackTeam "Schachpinguine Berlin 2"]
[PlyCount "122"]
[WhiteFideId "16238265"]
[BlackFideId "16209745"]
[EventCountry "GER"]
[EventRounds "7"]
[EventType "team-swiss"]
[EventDate "2015.12.27"]

1. e4 e5 2. Nf3 Nc6 3. Bc4 Nf6 4. Ng5 d5 5. exd5 b5 6. Bb3 Nd4 7. d6 Nxb3 8.
dxc7 Qxc7 9. axb3 Qc6 10. O-O Bb7 11. Nf3 e4 12. Ne5 Qd5 13. d4 Rd8 14. c3 a6
15. Bg5 Be7 16. Bxf6 Bxf6 17. Ng4 Bg5 18. Re1 O-O 19. Ne3 Qd6 20. Nf5 Qg6 21.
Qg4 Rd5 22. Ne3 Bxe3 23. Qxg6 Bxf2+ 24. Kxf2 fxg6+ 25. Kg1 Re8 26. Nd2 Rd7 27.
Re3 Rde7 28. Rae1 Kf7 29. Rf1+ Ke6 30. Nxe4 Kd5 31. Nc5 Rxe3 32. Nxb7 R8e7 33.
Nc5 Re2 34. Nd3 g5 35. h4 R7e3 36. Rd1 Ke4 37. Nc5+ Kf4 38. hxg5 Rxb2 39. d5
Rbe2 40. d6 Re8 41. d7 Rd8 42. Nb7 Ree8 43. Nxd8 Rxd8 44. c4 bxc4 45. bxc4 Ke5
46. c5 Ke6 47. c6 Ke7 48. c7 Rxd7 49. Re1+ Kd6 50. c8=Q Rf7 51. Qxa6+ Kd5 52.
Qd3+ Kc6 53. Rc1+ Kb7 54. Qb3+ Ka8 55. Ra1+ Ra7 56. Rxa7+ Kxa7 57. Qb5 h5 58.
gxh6 gxh6 59. Kf2 h5 60. Ke3 h4 61. Kd4 h3 1-0

[Event "DVM U10 2015"]
[Site "Magdeburg GER"]
[Date "2015.12.28"]
[Round "5"]
[White "Gorodezki, Andrey"]
[Black "Sabirov, Rafael"]
[Result "0-1"]
[Termination "normal"]
[Board "5.3"]
[WhiteElo "1075"]
[BlackElo "1198"]
[WhiteTeam "Schachpinguine Berlin 2"]
[BlackTeam "SG Porz"]
[PlyCount "89"]
[BlackFideId "16241185"]
[EventCountry "GER"]
[EventRounds "7"]
[EventType "team-swiss"]
[EventDate "2015.12.27"]

1. e4 c5 2. d4 cxd4 3. c3 dxc3 4. Nxc3 e6 5. Nf3 Be7 6. Bf4 Nc6 7. Bd3 Nf6 8.
e5 Nd5 9. Nxd5 exd5 10. O-O O-O 11. Bc2 d6 12. Qd3 g6 13. exd6 Bxd6 14. Bh6 Re8
15. Qc3 Bf8 16. Bxf8 Rxf8 17. Rad1 Be6 18. Ne5 Nxe5 19. Qxe5 Qd7 20. Bb3 Rfd8
21. Rfe1 Qd6 22. Qd4 Qc7 23. Qf6 Rd6 24. Qe5 Qd7 25. Ba4 b5 26. Bxb5 Qe7 27.
Rc1 Rb8 28. Bc6 Rc8 29. Bb7 Rb8 30. Bc8 Qe8 31. Bb7 Qd7 32. Ba6 Rxa6 33. a3 Qd6
34. Qd4 h6 35. Qd3 Rab6 36. b4 Rc6 37. Rb1 Bf5 38. Qe3 Bxb1 39. Rxb1 d4 40.
Qxh6 a5 41. Rd1 Rcb6 42. a4 d3 43. Ra1 Rc8 44. Qh3 Re8 45. Qf3 0-1

[Event "DVM U10 2015"]
[Site "Magdeburg GER"]
[Date "2015.12.28"]
[Round "5"]
[White "Nanu, Andreas-Christian"]
[Black "Korek, Jakob Alexander"]
[Result "1/2-1/2"]
[Termination "normal"]
[Board "5.4"]
[WhiteElo "1078"]
[BlackElo "1010"]
[WhiteTeam "SG Porz"]
[BlackTeam "Schachpinguine Berlin 2"]
[PlyCount "92"]
[WhiteFideId "1240188"]
[BlackFideId "16240022"]
[EventCountry "GER"]
[EventRounds "7"]
[EventType "team-swiss"]
[EventDate "2015.12.27"]

1. d4 Nf6 2. c4 g6 3. Nc3 d5 4. e3 Bg7 5. Nf3 c6 6. Be2 Be6 7. O-O Nbd7 8. Ng5
Bf5 9. Qb3 h6 10. Nf3 Qc7 11. cxd5 Nxd5 12. Nxd5 cxd5 13. Qxd5 Nb6 14. Qb5+ Bd7
15. Qb4 Nd5 16. Qb3 Be6 17. Bb5+ Kf8 18. Bd2 Qb6 19. a4 a6 20. a5 Qxb5 21. Qa3
Qd7 22. h3 Kg8 23. e4 Nc7 24. d5 Nxd5 25. exd5 Bxd5 26. Bc3 Bxf3 27. Bxg7 Kxg7
28. Qc3+ Kh7 29. gxf3 Qb5 30. Rfe1 Qg5+ 31. Kh1 Qf6 32. Qxf6 exf6 33. Re7 Rhf8
34. Rxb7 Rab8 35. Ra7 Ra8 36. Rd7 Rab8 37. Rb1 Kg7 38. Rd6 Ra8 39. b4 Rfe8 40.
Kg2 Red8 41. Rbd1 Rxd6 42. Rxd6 Rb8 43. Kf1 h5 44. h4 f5 45. Ke2 f6 46. Rd7+
Kf8 1/2-1/2

[Event "DVM U10 2015"]
[Site "Magdeburg GER"]
[Date "2015.12.28"]
[Round "5"]
[White "Hetzner, Hannes"]
[Black "Senechal, Niklas Bennett"]
[Result "1-0"]
[Termination "normal"]
[Board "6.1"]
[WhiteElo "1319"]
[BlackElo "992"]
[WhiteTeam "SC Erlangen 48/88"]
[BlackTeam "Lübecker SV von 1873"]
[PlyCount "84"]
[WhiteFideId "16211936"]
[BlackFideId "16231180"]
[EventCountry "GER"]
[EventRounds "7"]
[EventType "team-swiss"]
[EventDate "2015.12.27"]

1. e4 c5 2. Nf3 Nc6 3. d4 cxd4 4. Nxd4 g6 5. Be3 Bg7 6. Nc3 Nf6 7. Bc4 O-O 8.
f3 d6 9. Qd2 a6 10. O-O-O b5 11. Bb3 b4 12. Nxc6 bxc3 13. Qxc3 Qc7 14. Bd4 Bb7
15. Nb4 Qxc3 16. Bxc3 a5 17. Nd5 Nxd5 18. Bxd5 Bxd5 19. Bxg7 Kxg7 20. exd5 a4
21. a3 Ra5 22. Rhe1 Re8 23. Rd4 f6 24. Ree4 f5 25. Re3 Kf7 26. c4 Rc8 27. Kc2
Rcc5 28. Kc3 g5 29. f4 h6 30. Rh3 Kg6 31. Re3 Kf7 32. h4 g4 33. Re6 Ra8 34. Rd3
Rac8 35. Rd4 Ra8 36. Re2 Re8 37. Kb4 Rec8 38. b3 axb3 39. Kxb3 Rb8+ 40. Kc3 Ra8
41. Rdd2 Rca5 42. Kb4 R8a7 {Rest nicht nachvollziehbar} 1-0

[Event "DVM U10 2015"]
[Site "Magdeburg GER"]
[Date "2015.12.28"]
[Round "5"]
[White "Bornholdt, Joa Max"]
[Black "Högner, Tom"]
[Result "0-1"]
[Termination "normal"]
[Board "6.2"]
[WhiteElo "1060"]
[BlackElo "1258"]
[WhiteTeam "Lübecker SV von 1873"]
[BlackTeam "SC Erlangen 48/88"]
[PlyCount "72"]
[WhiteFideId "16253477"]
[BlackFideId "12995436"]
[EventCountry "GER"]
[EventRounds "7"]
[EventType "team-swiss"]
[EventDate "2015.12.27"]

1. e4 e5 2. Nf3 Nc6 3. d4 exd4 4. Nxd4 Bc5 5. Be3 Qf6 6. c3 Nge7 7. Bc4 Qg6 8.
Qf3 Ne5 9. Qg3 Qxg3 10. fxg3 Nxc4 11. b4 Nxe3 12. Kd2 Bxd4 13. cxd4 Nc4+ 14.
Ke1 Nc6 15. Nc3 Nxd4 16. Rc1 Nb2 17. Kd2 Nc6 18. Nd5 Kd8 19. b5 Ne5 20. Rxc7
Nbc4+ 21. Kc3 Nb6 22. Nxb6 Kxc7 23. Nxa8+ Kb8 24. Kd4 d6 25. Kd5 Kxa8 26. Kxd6
f6 27. a4 Bd7 28. Rb1 Rd8 29. Kc7 Rc8+ 30. Kd6 b6 31. Ra1 Kb7 32. a5 Bxb5 33.
axb6 axb6 34. h3 Bc6 35. Ke7 Re8+ 36. Kd6 Nc4# 0-1

[Event "DVM U10 2015"]
[Site "Magdeburg GER"]
[Date "2015.12.28"]
[Round "5"]
[White "Wu, Wilfried"]
[Black "Jannsen, Mattis"]
[Result "1-0"]
[Termination "normal"]
[Board "6.3"]
[WhiteElo "1011"]
[BlackElo "895"]
[WhiteTeam "SC Erlangen 48/88"]
[BlackTeam "Lübecker SV von 1873"]
[PlyCount "89"]
[WhiteFideId "16260775"]
[EventCountry "GER"]
[EventRounds "7"]
[EventType "team-swiss"]
[EventDate "2015.12.27"]

1. e4 e5 2. Nf3 Nc6 3. Nc3 Bc5 4. Bc4 Nf6 5. d3 h6 6. Nd5 d6 7. Be3 Nd4 8. Bxd4
Bxd4 9. Nxd4 exd4 10. h3 Be6 11. Qf3 Bxd5 12. Bxd5 Nxd5 13. exd5 Qe7+ 14. Kd1
O-O 15. Re1 Qh4 16. Re4 Qg5 17. Rxd4 Qe5 18. Qe4 Rad8 19. Qxe5 dxe5 20. Rc4
Rxd5 21. Rxc7 e4 22. Kd2 Rfd8 23. Rc3 Rf5 24. Rf1 Re5 25. Re1 Rde8 26. Rc7 R5e7
27. Rxe7 Rxe7 28. Rxe4 Rxe4 29. dxe4 f6 30. Kd3 Kf7 31. Kd4 Ke6 32. f4 f5 33.
exf5+ Kxf5 34. c4 b6 35. b4 Kf6 36. c5 bxc5+ 37. bxc5 Ke6 38. g4 a6 39. h4 Kf6
40. c6 Ke7 41. Kd5 Ke8 42. g5 hxg5 43. hxg5 Kf7 44. c7 Kg6 45. c8=Q 1-0

[Event "DVM U10 2015"]
[Site "Magdeburg GER"]
[Date "2015.12.28"]
[Round "5"]
[White "Costa, Leonardo"]
[Black "Duduka, Artem"]
[Result "1/2-1/2"]
[Termination "normal"]
[Board "7.1"]
[WhiteElo "1584"]
[BlackElo "1113"]
[WhiteTeam "SK München Südost"]
[BlackTeam "Sfr.Nord-Ost Berlin 1"]
[PlyCount "60"]
[WhiteFideId "16213955"]
[BlackFideId "14194805"]
[EventCountry "GER"]
[EventRounds "7"]
[EventType "team-swiss"]
[EventDate "2015.12.27"]

1. e4 e5 2. Nf3 Nc6 3. Bc4 Nf6 4. d3 Bc5 5. Bg5 d6 6. h3 h6 7. Bh4 O-O 8. Nc3
Bb4 9. O-O Bxc3 10. bxc3 Na5 11. Bb3 Nxb3 12. axb3 Re8 13. Re1 b6 14. d4 Bb7
15. dxe5 dxe5 16. Qxd8 Raxd8 17. Bxf6 gxf6 18. Rxa7 Rb8 19. Re3 c5 20. Nd2 Kf8
21. Nc4 Ba8 22. Rd3 Bc6 23. f3 b5 24. Na5 c4 25. bxc4 bxc4 26. Nxc4 Bb5 27. Nd6
Bxd3 28. Nxe8 Rxe8 29. cxd3 Rd8 30. Ra6 Kg7 1/2-1/2

[Event "DVM U10 2015"]
[Site "Magdeburg GER"]
[Date "2015.12.28"]
[Round "5"]
[White "Gutewort, Paul Emil"]
[Black "Klonov, Jakov"]
[Result "0-1"]
[Termination "normal"]
[Board "7.2"]
[WhiteElo "1122"]
[BlackElo "1133"]
[WhiteTeam "Sfr.Nord-Ost Berlin 1"]
[BlackTeam "SK München Südost"]
[PlyCount "82"]
[WhiteFideId "16204182"]
[BlackFideId "16211928"]
[EventCountry "GER"]
[EventRounds "7"]
[EventType "team-swiss"]
[EventDate "2015.12.27"]

1. e4 c5 2. Nf3 Nc6 3. d4 cxd4 4. Nxd4 g6 5. Be3 Bg7 6. Nc3 Nf6 7. Bb5 Nxd4 8.
Bxd4 a6 9. Bc4 O-O 10. h3 d6 11. g4 b5 12. Bd5 Nxd5 13. Nxd5 Qa5+ 14. c3 Qd8
15. Bb6 Qd7 16. Be3 Qb7 17. Qd3 Be6 18. O-O-O Bxd5 19. Qxd5 Qxd5 20. Rxd5 Rac8
21. h4 b4 22. Bd4 Bxd4 23. Rxd4 bxc3 24. b3 Rc6 25. h5 e5 26. Rdd1 c2 27. Rd2
Rfc8 28. hxg6 fxg6 29. f3 Kg7 30. Rhh2 a5 31. Rxc2 Rxc2+ 32. Rxc2 Rxc2+ 33.
Kxc2 Kf6 34. a3 h5 35. Kd2 h4 36. Ke2 g5 37. b4 axb4 38. axb4 Ke7 39. Kf2 Kd7
40. Ke2 Kc6 41. Kf2 Kb5 0-1

[Event "DVM U10 2015"]
[Site "Magdeburg GER"]
[Date "2015.12.28"]
[Round "5"]
[White "Glok, David"]
[Black "Beck, Felix"]
[Result "0-1"]
[Termination "normal"]
[Board "7.3"]
[WhiteElo "996"]
[BlackElo "1010"]
[WhiteTeam "SK München Südost"]
[BlackTeam "Sfr.Nord-Ost Berlin 1"]
[PlyCount "80"]
[WhiteFideId "16226224"]
[BlackFideId "16255364"]
[EventCountry "GER"]
[EventRounds "7"]
[EventType "team-swiss"]
[EventDate "2015.12.27"]

1. e4 e5 2. Nf3 Nc6 3. Bc4 Be7 4. Nc3 Nf6 5. d3 d6 6. Bg5 Bg4 7. h3 Bh5 8. g4
Bg6 9. h4 h5 10. gxh5 Bxh5 11. Bb5 a6 12. Bxc6+ bxc6 13. Qe2 d5 14. O-O-O d4
15. Na4 Qb8 16. Rh3 Qb4 17. b3 Qa3+ 18. Kd2 Bb4+ 19. c3 Qxa2+ 20. Ke1 Qxb3 21.
Nb2 Bxc3+ 22. Kf1 Qxb2 23. Qxb2 Bxb2 24. Rb1 Bc3 25. Nxe5 Bg4 26. Rg3 Bd7 27.
Rb7 Nh5 28. Rf3 f6 29. Ng6 Rg8 30. Bf4 Nxf4 31. Rxf4 a5 32. Rb3 a4 33. Ra3 Bb4
34. Ra2 a3 35. e5 f5 36. Rxd4 Be6 37. Ra1 Bc3 38. Rd6 cxd6 39. exd6 Bxa1 40.
Nf4 Kd7 0-1

[Event "DVM U10 2015"]
[Site "Magdeburg GER"]
[Date "2015.12.28"]
[Round "5"]
[White "Reichmann, Felix"]
[Black "Huber, Jakob"]
[Result "1-0"]
[Termination "normal"]
[Board "7.4"]
[WhiteElo "1093"]
[BlackElo "851"]
[WhiteTeam "Sfr.Nord-Ost Berlin 1"]
[BlackTeam "SK München Südost"]
[PlyCount "87"]
[WhiteFideId "16238290"]
[BlackFideId "16226070"]
[EventCountry "GER"]
[EventRounds "7"]
[EventType "team-swiss"]
[EventDate "2015.12.27"]

1. c4 e6 2. g3 b6 3. Bg2 Nc6 4. Nf3 d6 5. Nc3 Bd7 6. O-O Be7 7. d4 Nf6 8. Bf4
O-O 9. Rb1 Rb8 10. b4 Qc8 11. b5 Na5 12. Nd2 Qd8 13. e4 Qc8 14. e5 dxe5 15.
dxe5 Ne8 16. Qe2 Qd8 17. Nde4 Qc8 18. Rbd1 Ra8 19. Rd3 Nxc4 20. Rxd7 Qxd7 21.
Qxc4 Rc8 22. Rd1 Qxd1+ 23. Nxd1 a5 24. bxa6 Kh8 25. Nec3 f5 26. exf6 Rxf6 27.
a7 Nd6 28. Qa4 Rff8 29. a8=Q Rxa8 30. Bxa8 Kg8 31. Bc6 Nf7 32. Qe4 Kh8 33. Qxe6
Bc5 34. Be8 Kg8 35. Bxf7+ Rxf7 36. Be5 Bb4 37. Nd5 Ba3 38. Bxc7 Bc5 39. Bd8 Ba3
40. Be7 Bc5 41. Bxc5 bxc5 42. Ne7+ Kf8 43. Nd5 c4 44. Qc8# 1-0

[Event "DVM U10 2015"]
[Site "Magdeburg GER"]
[Date "2015.12.28"]
[Round "5"]
[White "Seibt, Bruno"]
[Black "Pflugradt, Natalie"]
[Result "0-1"]
[Termination "normal"]
[Board "8.1"]
[WhiteElo "1050"]
[BlackElo "1463"]
[WhiteTeam "SC 1994 Oberland"]
[BlackTeam "SG Blau-Weiß Stadtilm 1"]
[PlyCount "42"]
[WhiteFideId "16219988"]
[BlackFideId "16212444"]
[EventCountry "GER"]
[EventRounds "7"]
[EventType "team-swiss"]
[EventDate "2015.12.27"]

1. e4 e5 2. Nf3 Nc6 3. Bc4 Bc5 4. c3 Nf6 5. d4 exd4 6. cxd4 Bb4+ 7. Nc3 Nxe4 8.
O-O Bxc3 9. bxc3 d5 10. Bd3 Bf5 11. c4 O-O 12. cxd5 Qxd5 13. Bb2 Rfe8 14. Re1
Rad8 15. Qc2 Nb4 16. Qd1 Nxd3 17. Qxd3 Ng5 18. Qc3 Nxf3+ 19. gxf3 Bh3 20. Re3
Qg5+ 21. Kh1 Qg2# 0-1

[Event "DVM U10 2015"]
[Site "Magdeburg GER"]
[Date "2015.12.28"]
[Round "5"]
[White "Schmidt, Pauline"]
[Black "Rößler, Philipp"]
[Result "1-0"]
[Termination "normal"]
[Board "8.2"]
[WhiteElo "1142"]
[BlackElo "1034"]
[WhiteTeam "SG Blau-Weiß Stadtilm 1"]
[BlackTeam "SC 1994 Oberland"]
[PlyCount "51"]
[WhiteFideId "16209850"]
[BlackFideId "16209885"]
[EventCountry "GER"]
[EventRounds "7"]
[EventType "team-swiss"]
[EventDate "2015.12.27"]

1. e4 e5 2. Nf3 Nc6 3. d4 exd4 4. Bc4 Bc5 5. c3 dxc3 6. Bxf7+ Kxf7 7. Qd5+ Ke8
8. Qh5+ g6 9. Qxc5 cxb2 10. Bxb2 Nf6 11. O-O Rf8 12. e5 Ne4 13. Qc4 d5 14. exd6
Nxd6 15. Re1+ Ne7 16. Qe2 Rf7 17. Ng5 Rf5 18. Nxh7 b6 19. Nf6+ Kf8 20. Qe3 Nc4
21. Qc3 Nxb2 22. Qxb2 Bb7 23. h3 Rg5 24. Nh7+ Ke8 25. Nxg5 Qd6 26. Nc3 1-0

[Event "DVM U10 2015"]
[Site "Magdeburg GER"]
[Date "2015.12.28"]
[Round "5"]
[White "Augustin, Elias"]
[Black "Rapp, Leonard"]
[Result "1-0"]
[Termination "normal"]
[Board "8.3"]
[WhiteElo "846"]
[BlackElo "1504"]
[WhiteTeam "SC 1994 Oberland"]
[BlackTeam "SG Blau-Weiß Stadtilm 1"]
[PlyCount "65"]
[WhiteFideId "16236963"]
[BlackFideId "16212428"]
[EventCountry "GER"]
[EventRounds "7"]
[EventType "team-swiss"]
[EventDate "2015.12.27"]

1. e4 e5 2. Nf3 Nc6 3. d4 d6 4. Bg5 Nf6 5. Nc3 exd4 6. Nxd4 Qe7 7. Qe2 Nxd4 8.
Qd3 Qe5 9. Be3 Nc6 10. Rb1 Qe7 11. Be2 Be6 12. O-O Nb4 13. Qb5+ c6 14. Qxb4 d5
15. Qxe7+ Bxe7 16. e5 Ng4 17. Bf4 d4 18. Ne4 Bxa2 19. Rbd1 O-O-O 20. Bxg4+ Kb8
21. Bg5 Bxg5 22. Nxg5 a6 23. b3 Rd5 24. Nxf7 Rhd8 25. e6 Rc5 26. Rfe1 Rxc2 27.
e7 Re8 28. Nd6 Rxe7 29. Rxe7 Ka7 30. Rxb7+ Ka8 31. Re1 Re2 32. Rxe2 Bxb3 33.
Re8# 1-0

[Event "DVM U10 2015"]
[Site "Magdeburg GER"]
[Date "2015.12.28"]
[Round "5"]
[White "Schlie, Johann"]
[Black "Mimkes, Antal"]
[Result "1-0"]
[Termination "normal"]
[Board "9.1"]
[WhiteElo "1204"]
[BlackElo "961"]
[WhiteTeam "Hagener SV"]
[BlackTeam "KSV Rochade Göttingen 1"]
[PlyCount "28"]
[WhiteFideId "16211596"]
[BlackFideId "16265963"]
[EventCountry "GER"]
[EventRounds "7"]
[EventType "team-swiss"]
[EventDate "2015.12.27"]

1. d4 e5 2. dxe5 d6 3. Nf3 Nc6 4. exd6 Bxd6 5. e4 Nf6 6. Nc3 O-O 7. Bb5 Re8 8.
Bd3 Bg4 9. O-O Nd4 10. Bg5 Nxf3+ 11. gxf3 Bh5 12. Re1 Be7 13. Nd5 Nxd5 14. exd5
Qxd5 {Rest nicht nachvollziehbar} 1-0

[Event "DVM U10 2015"]
[Site "Magdeburg GER"]
[Date "2015.12.28"]
[Round "5"]
[White "Anosowitsch, Nick"]
[Black "Brunner, Alexander"]
[Result "0-1"]
[Termination "normal"]
[Board "9.2"]
[WhiteElo "875"]
[BlackElo "1222"]
[WhiteTeam "KSV Rochade Göttingen 1"]
[BlackTeam "Hagener SV"]
[PlyCount "43"]
[BlackFideId "12965278"]
[EventCountry "GER"]
[EventRounds "7"]
[EventType "team-swiss"]
[EventDate "2015.12.27"]

1. e4 e5 2. Nf3 Nf6 3. Nxe5 Nxe4 4. Qe2 d5 5. d3 Qe7 6. Nf3 Nf6 7. Bg5 Nc6 8.
Bxf6 gxf6 9. Nc3 Bg4 10. Nxd5 Qxe2+ 11. Bxe2 O-O-O 12. Nxf6 Bxf3 13. Bxf3 Bg7
14. Bxc6 Bxf6 15. Bd5 Rxd5 16. Kd1 Rg8 17. g3 Re8 18. Re1 Rxe1+ 19. Kxe1 Bxb2
20. Rb1 Bc3+ 21. Kf1 Ra5 {Rest nicht nachvollziehbar} 22. d4 0-1

[Event "DVM U10 2015"]
[Site "Magdeburg GER"]
[Date "2015.12.28"]
[Round "5"]
[White "Maul, Maik"]
[Black "Zimmermann, Bennet"]
[Result "0-1"]
[Termination "normal"]
[Board "9.3"]
[WhiteElo "1378"]
[BlackElo "926"]
[WhiteTeam "Hagener SV"]
[BlackTeam "KSV Rochade Göttingen 1"]
[PlyCount "62"]
[WhiteFideId "16204816"]
[EventCountry "GER"]
[EventRounds "7"]
[EventType "team-swiss"]
[EventDate "2015.12.27"]

1. e4 e5 2. Bc4 Nf6 3. Nf3 Nc6 4. Nc3 Nxe4 5. Nxe4 d5 6. Bxd5 Qxd5 7. Nc3 Qd7
8. O-O Bd6 9. Re1 O-O 10. d4 exd4 11. Nxd4 Nxd4 12. Qxd4 Bxh2+ 13. Kxh2 Qxd4
14. Be3 Qd6+ 15. Kg1 Re8 16. Rad1 Qg6 17. Bg5 Rxe1+ 18. Rxe1 h6 19. Bd8 Bh3 20.
Re8+ Kh7 21. g3 f6 22. Rf8 Qxc2 23. Nd5 Qf5 24. Ne7 Qf3 25. Rh8+ Kxh8 26. Ng6+
Kg8 27. Nh4 Qd1+ 28. Kh2 Qf1 29. Bxc7 g5 30. f4 gxh4 31. g4 Qg2# 0-1

[Event "DVM U10 2015"]
[Site "Magdeburg GER"]
[Date "2015.12.28"]
[Round "5"]
[White "Pixa, Karl"]
[Black "Junghans, Richard"]
[Result "1/2-1/2"]
[Termination "normal"]
[Board "10.1"]
[WhiteElo "1134"]
[BlackElo "1188"]
[WhiteTeam "SV Dresden-Striesen 1990"]
[BlackTeam "BSG Grün-Weiß Leipzig 1"]
[PlyCount "38"]
[WhiteFideId "16240480"]
[BlackFideId "16214544"]
[EventCountry "GER"]
[EventRounds "7"]
[EventType "team-swiss"]
[EventDate "2015.12.27"]

1. e4 e5 2. Nf3 Nc6 3. d4 exd4 4. Nxd4 Bc5 5. Be3 Qe7 6. Nxc6 bxc6 7. Qf3 Bd6
8. Nc3 Be5 9. Bd2 d6 10. Be2 Nf6 11. h3 Be6 12. O-O Rb8 13. b3 Qd7 14. Bg5 Bxc3
15. Qxc3 Qe7 16. Qxc6+ Bd7 17. Qxc7 Rc8 18. Qa5 O-O 19. Bd3 Rc6 1/2-1/2

[Event "DVM U10 2015"]
[Site "Magdeburg GER"]
[Date "2015.12.28"]
[Round "5"]
[White "Lindner, Ben"]
[Black "Richter, Nicholas"]
[Result "1-0"]
[Termination "normal"]
[Board "10.2"]
[WhiteElo "1133"]
[BlackElo "1105"]
[WhiteTeam "BSG Grün-Weiß Leipzig 1"]
[BlackTeam "SV Dresden-Striesen 1990"]
[PlyCount "55"]
[WhiteFideId "16214552"]
[BlackFideId "16244834"]
[EventCountry "GER"]
[EventRounds "7"]
[EventType "team-swiss"]
[EventDate "2015.12.27"]

1. e4 e5 2. Nf3 Nc6 3. Bc4 Bc5 4. Nc3 d6 5. d3 h6 6. Be3 Bxe3 7. fxe3 Nf6 8.
O-O Bg4 9. Nd5 O-O 10. Qe2 a6 11. h3 Bd7 12. a3 Nxd5 13. Bxd5 Be6 14. Bxc6 bxc6
15. d4 f6 16. Nh4 Kh7 17. Qh5 Bf7 18. Qf5+ Kg8 19. Qg4 Rb8 20. Nf5 g5 21. Nxh6+
Kh7 22. Nxf7 Rxf7 23. Qh5+ Kg8 24. Qg6+ Kf8 25. Rf2 Rxb2 26. Raf1 Ra2 27. Rxf6
Rxf6 28. Rxf6+ 1-0

[Event "DVM U10 2015"]
[Site "Magdeburg GER"]
[Date "2015.12.28"]
[Round "5"]
[White "Zhong, Ye Li"]
[Black "Schön, Florian"]
[Result "1-0"]
[Termination "normal"]
[Board "10.3"]
[WhiteElo "1070"]
[BlackElo "1100"]
[WhiteTeam "SV Dresden-Striesen 1990"]
[BlackTeam "BSG Grün-Weiß Leipzig 1"]
[PlyCount "103"]
[BlackFideId "16259394"]
[EventCountry "GER"]
[EventRounds "7"]
[EventType "team-swiss"]
[EventDate "2015.12.27"]

1. e4 e5 2. Nf3 Nc6 3. Bc4 Bc5 4. Nc3 Nf6 5. h3 d6 6. d3 Be6 7. Bxe6 fxe6 8.
Bg5 h6 9. Bxf6 Qxf6 10. a3 a6 11. O-O O-O 12. Qd2 Rf7 13. Nh2 Raf8 14. Nd1 Ne7
15. Ne3 Qf4 16. c3 d5 17. b4 Bb6 18. g3 Qg5 19. h4 Qf6 20. Ra2 d4 21. cxd4 Bxd4
22. Nhg4 Qg6 23. Nh2 Qf6 24. Nhg4 Qg6 25. Nh2 Bxe3 26. Qxe3 Rf6 27. f3 R8f7 28.
Raf2 Qh5 29. Kg2 Rg6 30. Kh3 Rff6 31. g4 Qxh4+ 32. Kxh4 Rg5 33. Kg3 Ng6 34. Rc2
c6 35. Rc5 Rf4 36. d4 exd4 37. Qxd4 e5 38. Qd7 Rf7 39. Qd6 Kh7 40. Rf2 Rf6 41.
Qc7 b5 42. Rxc6 Rxc6 43. Qxc6 h5 44. Qxa6 h4+ 45. Kg2 Nf4+ 46. Kh1 Rg6 47. Qxb5
Rh6 48. Qc5 h3 49. Qc2 g5 50. Rd2 Rh4 51. Rd7+ Kg8 52. Qc8# 1-0

[Event "DVM U10 2015"]
[Site "Magdeburg GER"]
[Date "2015.12.28"]
[Round "5"]
[White "Feilhauer, Jannick"]
[Black "Haugner, Quentin"]
[Result "1-0"]
[Termination "normal"]
[Board "10.4"]
[WhiteElo "940"]
[BlackElo "827"]
[WhiteTeam "BSG Grün-Weiß Leipzig 1"]
[BlackTeam "SV Dresden-Striesen 1990"]
[PlyCount "54"]
[WhiteFideId "16266358"]
[EventCountry "GER"]
[EventRounds "7"]
[EventType "team-swiss"]
[EventDate "2015.12.27"]

1. e4 e5 2. Nf3 Nc6 3. Bb5 a6 4. Bxc6 bxc6 5. Nxe5 Nf6 6. d3 Bb4+ 7. Bd2 Bd6 8.
Nf3 O-O 9. Nc3 h6 10. O-O Bb7 11. e5 Bxe5 12. Nxe5 Re8 13. Nf3 c5 14. Rb1 Bxf3
15. Qxf3 c6 16. Qg3 Re6 17. Bxh6 Nh5 18. Qf3 Rxh6 19. Rfe1 Qc7 20. g3 Rb8 21.
Ne4 d6 22. b3 a5 23. a4 Re8 24. Re3 Nf6 25. Nxf6+ Rxf6 26. Rbe1 Kh7 27. Qe4+
Rg6 {Rest nicht nachvollziehbar} 1-0

[Event "DVM U10 2015"]
[Site "Magdeburg GER"]
[Date "2015.12.28"]
[Round "5"]
[White "Niemann, Leon"]
[Black "Kraftsik, Christian"]
[Result "0-1"]
[Termination "normal"]
[Board "11.1"]
[WhiteElo "1090"]
[BlackElo "1271"]
[WhiteTeam "Hannover 96"]
[BlackTeam "SC Vaterstetten"]
[PlyCount "122"]
[WhiteFideId "16218388"]
[BlackFideId "16242548"]
[EventCountry "GER"]
[EventRounds "7"]
[EventType "team-swiss"]
[EventDate "2015.12.27"]

1. c4 Nf6 2. Nc3 d6 3. d4 g6 4. g3 Bg7 5. Bg2 O-O 6. Nf3 c5 7. dxc5 dxc5 8. O-O
Be6 9. Nd2 Nc6 10. h4 Qc7 11. Qc2 Ng4 12. Nce4 Bf5 13. Rb1 Nd4 14. Qd1 Rfd8 15.
e3 Nc6 16. b3 Nf6 17. Qe2 Qe5 18. Bb2 Qc7 19. Rbd1 Nxe4 20. Bxg7 Kxg7 21. Nxe4
b6 22. Nc3 a6 23. a3 e6 24. Qb2 Kg8 25. b4 Rab8 26. Qb3 a5 27. b5 Ne5 28. Rxd8+
Rxd8 29. Rd1 Rxd1+ 30. Qxd1 Nxc4 31. a4 h5 32. e4 Qe5 33. Qd3 Bxe4 34. Bxe4 f5
35. Qxc4 fxe4 36. Nxe4 Qa1+ 37. Kg2 Qe5 38. Ng5 Qd5+ 39. Qe4 Qxe4+ 40. Nxe4 Kf7
41. Kf3 e5 42. Nxc5 Ke7 43. Ne4 Ke6 44. Ke3 Kd5 45. Kd3 Ke6 46. f3 Kd5 47. Kc3
Ke6 48. Kc4 Ke7 49. Kd5 Kd7 50. Kxe5 Ke7 51. f4 Kf7 52. Kd6 Ke8 53. Ke6 Kf8 54.
Kf6 Ke8 55. Kxg6 Ke7 56. f5 Kf8 57. f6 Ke8 58. f7+ Kf8 59. Nf6 Ke7 60. Kg7 Kd6
61. f8=Q+ Ke5 0-1

[Event "DVM U10 2015"]
[Site "Magdeburg GER"]
[Date "2015.12.28"]
[Round "5"]
[White "Menzner, Paul"]
[Black "Janovskij, Konstantin"]
[Result "1-0"]
[Termination "normal"]
[Board "11.2"]
[WhiteElo "1007"]
[BlackElo "963"]
[WhiteTeam "SC Vaterstetten"]
[BlackTeam "Hannover 96"]
[PlyCount "121"]
[BlackFideId "16225252"]
[EventCountry "GER"]
[EventRounds "7"]
[EventType "team-swiss"]
[EventDate "2015.12.27"]

1. e4 e5 2. d4 exd4 3. Qxd4 Nc6 4. Qa4 d5 5. e5 f6 6. f4 Bf5 7. Nc3 Bc5 8. Bd2
Qd7 9. O-O-O O-O-O 10. Nf3 d4 11. Nb5 a6 12. Na3 Qd5 13. Bc4 Qd7 14. Bxa6 bxa6
15. Qxa6+ Kb8 16. Nb5 Qd5 17. Bc3 Qe4 18. Nfxd4 Bxd4 19. Nxd4 Nxd4 20. Rd3 Ne2+
21. Kd2 Rxd3+ 22. cxd3 Qxg2 23. Qb5+ Kc8 24. Qe8+ Kb7 25. Qb5+ Ka7 26. Qc5+ Kb8
27. Qb5+ Qb7 28. Qxb7+ Kxb7 29. Kxe2 fxe5 30. Bxe5 Nf6 31. Rg1 Bg4+ 32. Kf2 Bf5
33. Rxg7 Rf8 34. Rxc7+ Kb6 35. Re7 Ng4+ 36. Ke2 Nxe5 37. Rxe5 Bg6 38. Re6+ Kc5
39. Re5+ Kd4 40. a4 Re8 41. a5 Rxe5+ 42. fxe5 Bxd3+ 43. Kd2 Bb5 44. e6 Kc4 45.
Ke3 Kb4 46. a6 Bxa6 47. e7 Kb3 48. e8=Q Kxb2 49. Qh5 Kb3 50. Qxh7 Kb4 51. Qe7+
Kc4 52. Qe6+ Kc5 53. Qxa6 Kd5 54. Qb5+ Ke6 55. Ke4 Kd6 56. Qb6+ Kd7 57. Ke5 Kc8
58. Qa7 Kd8 59. Kd6 Ke8 60. Ke6 Kd8 61. Qd7# 1-0